LEADER 00916nam0-22003011i-450- 001 990002009120403321 005 20040528114518.0 035 $a000200912 035 $aFED01000200912 035 $a(Aleph)000200912FED01 035 $a000200912 100 $a20030910d1913----km-y0itay50------ba 101 0 $aita 102 $aIT 105 $ay---a---001yy 200 1 $aParassitologia animale$eanimali parassiti ed animali trasmettitori di malattie parassitarie all'uomo e agli animali domestici$fDavide Carazzi 210 $aMilano$cSocieta Editrice Libraria$d1913 215 $a426 p.$d24 cm 610 0 $aParassitologia$aAnimale 676 $a616.9 700 1$aCarazzi,$bDavide$f<1858-1923>$0360001 801 0$aIT$bUNINA$gRICA$2UNIMARC 901 $aBK 912 $a990002009120403321 952 $a61 III D.3/12$b45$fDAGEN 959 $aDAGEN 996 $aParassitologia animale$9402558 997 $aUNINA LEADER 05507nam 2200721Ia 450 001 9910450950403321 005 20200520144314.0 010 $a0-470-38591-X 035 $a(CKB)1000000000413609 035 $a(EBL)343712 035 $a(OCoLC)608622791 035 $a(SSID)ssj0000077842 035 $a(PQKBManifestationID)11110360 035 $a(PQKBTitleCode)TC0000077842 035 $a(PQKBWorkID)10060322 035 $a(PQKB)11123229 035 $a(MiAaPQ)EBC343712 035 $a(JP-MeL)3000029964 035 $a(CaSebORM)9780470333174 035 $a(Au-PeEL)EBL343712 035 $a(CaPaEBR)ebr10233056 035 $a(CaONFJC)MIL137450 035 $a(EXLCZ)991000000000413609 100 $a20080527d2008 uy 0 101 0 $aeng 135 $aur|n|---||||| 181 $ctxt 182 $cc 183 $acr 200 10$aSAP GRC for dummies$b[electronic resource] /$fby Denise Vu Broady and Holly A. Roland 205 $a1st edition 210 $aHoboken, NJ $cWiley$dc2008 215 $a1 online resource (362 p.) 225 1 $a--For dummies 300 $aDescription based upon print version of record. 311 $a0-470-33317-0 320 $aIncludes bibliographical references and index. 327 $aSAP GRC for Dummies; Contents at a Glance; Table of Contents; Introduction; About This Book; Foolish Assumptions; How This Book Is Organized; Icons Used in This Book; Where to Go from Here; Part I: Governance, Risk, and Compliance Demystified; Chapter 1: The ABCs of GRC; Getting to Know GRC; Getting in the Business Drivers' Seat; Getting Motivated to Make the Most of GRC; Introducing the GRC Stakeholders; Understanding GRC by the Letters; C Is for Compliance: Playing by the Rules; R Is for Risk: Creating Opportunity; G Is for Governance: Keeping Focused and Current; Hitting the Audit Trail 327 $aDesigning Your Approach to GRCWhat GRC Solutions Provide; Chapter 2: Risky Business: Turning Risks into Opportunities; Discovering Enterprise Risk Management; Defining Risk; Ignoring Risk (At Your Peril); Sorting Through the Approaches to Risk Management; Identifying the Critical Components of a Successful Risk Management Framework; Taking the Four Steps to Enterprise Risk Management; Analyzing What Went Wrong: When Risk Becomes Reality; Automating the Risk Management Cycle; Taking the SAP Approach: SAP GRC Risk Management; Using SAP GRC Risk Management: A Fictional Case Study 327 $aUsing SAP Risk Management: An SAP Case StudyGleaning the Benefits of SAP GRC Risk Management; Chapter 3: Governance: GRC in Action; Getting to Know Governance; Gleaning the Benefits of Good Governance; Drafting Governance Blueprints; Creating a Framework for Great Governance; Evaluating Your Governance Framework; Hurdles to Instituting and Maintaining a Good Framework; Making the Argument for Automation; The SAP Approach: Integrated Holistic IT for GRC; Coming to Grips with Governance; Part II: Diving into GRC; Chapter 4: How Sarbanes and Oxley Changed Our Lives 327 $aFiguring Out Whether SOX Applies to YouDiscovering Why SOX Became Necessary; Who Are Sarbanes and Oxley, Anyway?; Breaking Down SOX to the Basics; Information Technology: SOX in a Box; Paying Up: What's SOX Going to Cost You?; Setting the Record Straight; Other Laws You Need to Know About; We're All In This Together: Convergence; Sorting Out the Benefits of SOX; Chapter 5: Fraud, Negligence, and Entropy: What Can Go Wrong and How to Prevent It; Defining Fraud; Negligence: More Likely Than Fraud; Entropy: Errors, Omissions, and Inefficiencies; Cleaning Up: The Mop-Up Operation 327 $aChapter 6: Access Control and the Role of RolesUnderstanding Access Control and Roles; Getting a Handle on Access Control; How Access Control Got Messy; Getting Clean; Staying Clean; Managing Exceptional Access; The SAP Approach: SAP GRC Access Control; Where Do You Go from Here?; Chapter 7: Taking Steps toward Better Internal Controls; Understanding Internal Controls; Exploring the Benefits of Better Controls; Seeing How Automating Controls Makes Things Easier; Taking Five Steps to Better Internal Controls; Getting to Know the SAP Approach: SAP GRC Process Control 327 $aChapter 8: It's a Small World: Effectively Managing Global Trade 330 $aGovernance, risk, and compliance-these three big letters can add up to one giant headache. But GRC doesn't have to be a boil on your corporate behind. SAP GRC For Dummies untangles the web of regulations that confronts your company and introduces you to software solutions the not only keep you in compliance, but also make your whole enterprise stronger. This completely practical guide starts with a big-picture look and GRC and explains how it can help your organization grow. You'll find out why these regulations were enacted; what you can do to ensure compliance; and how compliance ca 410 0$a--For dummies. 606 $aSap 606 $aBusiness$xComputer programs 606 $aClient/server computing 608 $aElectronic books. 615 0$aSap. 615 0$aBusiness$xComputer programs. 615 0$aClient/server computing. 676 $a658.045 676 $a658.4038028553 700 $aVu Broady$b Denise$0986083 701 $aRoland$b Holly A$0986084 801 0$bMiAaPQ 801 1$bMiAaPQ 801 2$bMiAaPQ 906 $aBOOK 912 $a9910450950403321 996 $aSAP GRC for dummies$92253827 997 $aUNINA LEADER 04014nam 2201081z- 450 001 9910557128803321 005 20210501 035 $a(CKB)5400000000040766 035 $a(oapen)https://directory.doabooks.org/handle/20.500.12854/68424 035 $a(oapen)doab68424 035 $a(EXLCZ)995400000000040766 100 $a20202105d2021 |y 0 101 0 $aeng 135 $aurmn|---annan 181 $ctxt$2rdacontent 182 $cc$2rdamedia 183 $acr$2rdacarrier 200 00$aClinical Research on Diabetic Complications 210 $aBasel, Switzerland$cMDPI - Multidisciplinary Digital Publishing Institute$d2021 215 $a1 online resource (204 p.) 311 08$a3-03943-825-5 311 08$a3-03943-826-3 330 $aRefrigeration, air conditioning, and heat pumps (RACHP) have an important impact on the final energy uses of many sectors of modern society, such as residential, commercial, industrial, transport, and automotive. Moreover, RACHP also have an important environmental impact due to the working fluids that deplete the stratospheric ozone layer, which are being phased out according to the Montreal Protocol (1989). Last, but not least, high global working potential (GWP), working fluids (directly), and energy consumption (indirectly) are responsible for a non-negligible quota of greenhouse gas (GHG) emissions in the atmosphere, thus impacting climate change. 606 $aHistory of engineering and technology$2bicssc 610 $aAlzheimer's disease 610 $aarterial stiffness 610 $aaspirin 610 $abaPWV 610 $abariatric surgery 610 $abranched-chain amino acids 610 $aburnt-out diabetes 610 $acardiovascular disease 610 $acarotid plaque 610 $acerebrovascular disease 610 $achronic kidney disease (CKD) 610 $adementia 610 $adermal electrochemical conductance 610 $adiabetes 610 $adiabetes mellitus 610 $adiabetic foot disease 610 $adiabetic foot syndrome 610 $adiabetic kidney disease 610 $adiabetic macroangiopathy 610 $adiabetic microangiopathy 610 $adiabetic neuropathy 610 $adiabetic retinopathy 610 $adialysis 610 $adipeptidyl peptidase 4 inhibitors 610 $adipeptidyl-peptidase IV inhibitors 610 $aechogenic plaque 610 $aend-stage renal disease (ESRD) 610 $afibroblast growth factor 23 610 $aglucagon-like peptide-1 receptor agonists 610 $aglucose fluctuations 610 $aheart disease 610 $aincident diabetes mellitus (DM) 610 $ainflammation 610 $ainsulin resistance 610 $aKlotho 610 $ameta-analysis 610 $ametabolomics 610 $amicroperimetry 610 $aneuropathy 610 $aNMR spectroscopy 610 $aobesity 610 $apatient-reported outcomes 610 $aperipheral artery disease 610 $aplaque characteristics 610 $aprediabetes 610 $aprimary care 610 $aprimary prevention 610 $aquality of life 610 $areno-cardiovascular protection 610 $asarcopenia 610 $asCD36 610 $ascreening 610 $asodium-glucose co-transporter 2 inhibitors 610 $asudomotor reflex 610 $atreatment satisfaction 610 $atrial sequential analysis 610 $atype 1 diabetes 610 $atype 1 diabetes mellitus 610 $atype 2 610 $atype 2 diabetes mellitus 610 $avascular 610 $avascular disease 615 7$aHistory of engineering and technology 700 $aMauricio$b Didac$4edt$01302198 702 $aMauricio$b Didac$4oth 906 $aBOOK 912 $a9910557128803321 996 $aClinical Research on Diabetic Complications$93026239 997 $aUNINA